| 000 -LEADER |
| fixed length control field |
00573cam a2200193 i 4500 |
| 020 ## - INTERNATIONAL STANDARD BOOK NUMBER |
| ISBN |
2706807563 : |
| 040 ## - CATALOGING SOURCE |
| Transcribing agency |
DLC |
| 082 00 - DEWEY DECIMAL CLASSIFICATION NUMBER |
| Classification number |
632 MAI 1979 A049 Or. |
| 245 03 - TITLE STATEMENT |
| Title |
Le Désherbage des cultures sous les tropiques / |
| 260 ## - PUBLICATION, DISTRIBUTION, ETC. (IMPRINT) |
| Place of publication |
Paris : |
| Name of publisher |
G.-P. Maisonneuve et Larose, |
| Year of publication |
c1979. |
| 300 ## - PHYSICAL DESCRIPTION |
| Number of Pages |
312, [14] leaves of plates : |
| Other physical details |
ill. (some col.) ; |
| Dimensions |
24 cm. |
| 490 0# - SERIES STATEMENT |
| Series statement |
Techniques agricoles et productions tropicales ; 28 |
| 650 #0 - SUBJECT ADDED ENTRY--TOPICAL TERM |
| Topical Term |
Weeds |
| 650 #0 - SUBJECT ADDED ENTRY--TOPICAL TERM |
| Topical Term |
Tropical crops |
| 650 #0 - SUBJECT ADDED ENTRY--TOPICAL TERM |
| Topical Term |
Herbicides. |
| 700 1# - ADDED ENTRY--PERSONAL NAME |
| Personal name |
Deuse, Jacques. |
| 700 1# - ADDED ENTRY--PERSONAL NAME |
| Personal name |
Lavabre, E. M. |
| 942 ## - ADDED ENTRY ELEMENTS (KOHA) |
| Koha item type |
សៀវភៅភាសាបារាំង |
| 952 ## - LOCATION AND ITEM INFORMATION (KOHA) |
| Withdrawn status [LOCAL, KOHA] |
0 |